Từ điển triết học

Zapisane w:
Opis bibliograficzny
1. autor: CUNG KIM TIẾN
Format: Książka
Język:Undetermined
Wydane: Hà Nội VHTT 2002
Hasła przedmiotowe:
Etykiety: Dodaj etykietę
Nie ma etykietki, Dołącz pierwszą etykiete!
Thư viện lưu trữ: Trung tâm Học liệu Trường Đại học Cần Thơ
LEADER 00455nam a2200169Ia 4500
001 CTU_48135
008 210402s9999 xx 000 0 und d
082 |a 103 
082 |b T105 
100 |a CUNG KIM TIẾN 
245 0 |a Từ điển triết học 
245 0 |c CUNG KIM TIẾN 
260 |a Hà Nội 
260 |b VHTT 
260 |c 2002 
650 |a philosophy - dictionaries 
980 |a Trung tâm Học liệu Trường Đại học Cần Thơ